Rzeczowniki zaczynające się na SI- - Statystyki

Ogólne statystyki
  • Ten quiz został rozwiązany 35 razy
  • Średni wynik to 16 z 32
Statystyki odpowiedzi
Odpowiedź % Poprawnych
siarka
88%
siano
83%
sieć
83%
siatka
79%
siła
79%
sitko
75%
sierp
71%
siew
71%
siad
67%
siodło
67%
sierpień
63%
siłownia
63%
siostra
63%
siekiera
58%
silnik
54%
siniak
54%
siatkówka
50%
sielanka
50%
siemię
50%
sierota
50%
siedzenie
42%
sikorka
42%
siekacz
38%
siwizna
38%
sidło
29%
siodełko
25%
siostrzeniec
25%
sierść
21%
siedziba
17%
sierżant
13%
silikon
8%
singiel
8%
Nie znaleziono quizów pasujących do podanych kryteriów
Rozkład punktacji
Procent ludzi z każdym wynikiem
Percentyl według liczby udzielonych odpowiedzi
Twoja historia wyników
Nie rozwiązałeś tego quizu